000 00235nam a2200097Ia 4500
001 705812
005 20250826162437.0
008 250824s9999 xx 000 0 und d
245 0 _aBUSTAN
_cSA Dİ-Yİ ŞİRAZİ
260 _bŞULE YAYINLARI
999 _c705812
_d705812